| 000 | 00895cam5a220027700 4500 | ||
|---|---|---|---|
| 001 | lce00230315 | ||
| 008 | 770222s1977 cauak 001 0 eng | ||
| 010 | _a 77002660 | ||
| 020 | _a047165700X | ||
| 035 | _a(Sirsi) r87152 | ||
| 035 | _a(DLC) 77002660 | ||
| 035 | _a(UPRA)lce00230315 | ||
| 050 | 0 |
_aHF5548.2 _b.O687 1977 |
|
| 082 | _a658/.05 | ||
| 100 | 1 |
_aOrilia, Lawrence. _6A43042.1 |
|
| 245 | 1 | 0 |
_aBusiness data processing systems / _cLawrence S. Orilia, Nancy B. Stern, Robert A. Stern. |
| 250 | _a2d ed. | ||
| 260 |
_aSanta Barbara : _bWiley, _cc1977. |
||
| 500 | _a"A Wiley/Hamilton publication." | ||
| 500 | _aIncludes index. | ||
| 650 | 0 |
_aBusiness -- Data processing. _xBusiness -- Data processing. _6S778.1 |
|
| 700 | 1 |
_aStern, Nancy B. _6A43043.1 |
|
| 700 | 1 |
_aStern, Robert A. _6A43044.1 |
|
| 949 |
_aHF5548.2 _wlcc _i-121392 _mMAIN _tBOOK _lON-SHELF |
||
| 004 | 87152 | ||
| 999 |
_c123124 _d123124 |
||